Statistics for Biggest Cities in Cuba

Click here to take the quiz!

General Stats

  • This quiz has been taken 10 times
  • The average score is 8 of 15

Answer Stats

PopulationAnswer% Correct
1. 2,201,610Havana (La Habana)
100%
2. 423,392Santiago de Cuba
89%
3. 301,574Camagüey
78%
9. 140,734Cienfuegos
78%
6. 208,145Guantánamo
67%
7. 144,664Bayamo
56%
4. 269,618Holguin
56%
10. 139,336Pinar del Rió
56%
12. 106,225Ciego de Avila
44%
8. 143,582Las Tunas
44%
11. 127,287Matanzas
44%
13. 98,283Sancti Spiritus
44%
5. 210,220Santa Clara
44%
15. 80,832Cardenas
22%
14. 97,038Manzanillo
22%

Score Distribution

Percentile by Number Answered

Percent of People with Each Score

Your Score History

You have not taken this quiz